| 000 | 00399nam a22001577a 4500 | ||
|---|---|---|---|
| 020 | _a978-81-264-3033-8 | ||
| 082 |
_a823 _bNAY/W |
||
| 100 | _aNAYAR, NANDINI | ||
| 245 |
_aA TALE OF 1857 _bWHEN CHILDREN MAKE HISTORY |
||
| 246 |
_aA TALE OF 1857 _bWHEN CHILDREN MAKE HISTORY |
||
| 260 |
_aKOTTAYAM _bDC BOOKS _c2013 |
||
| 300 | _a144 | ||
| 520 | _aSHORT STORY | ||
| 650 | _aSHORT STORY | ||
| 942 | _cBK | ||
| 999 |
_c2885 _d2885 |
||